[Event "Norway Chess 2nd"]
[Site "Stavanger"]
[Date "2014.06.12"]
[Round "8"]
[White "Agdestein, Simen"]
[Black "Topalov, Veselin"]
[Result "0-1"]
[WhiteElo "2628"]
[BlackElo "2772"]
[Annotator "Marin,M"]
[PlyCount "90"]
[EventDate "2014.06.03"]
[EventType "tourn"]
[EventRounds "9"]
[EventCountry "NOR"]
[EventCategory "21"]
[SourceTitle "CBM 161"]
[Source "ChessBase"]
[SourceDate "2014.07.16"]
[SourceVersion "1"]
[SourceVersionDate "2014.07.16"]
[SourceQuality "1"]

1. c4 e5 2. Nc3 Nf6 3. Nf3 Nc6 4. g3 Bb4 5. Nd5 Bc5 6. Bg2 O-O 7. O-O d6 8. e3
$5 {I must confess it comes as a surprise that this is so effective.} ({
In my English trilogy I recommended} 8. d3 h6 (8... Nxd5 9. cxd5 Nd4 10. Nxd4
Bxd4 11. e3 Bb6 12. a4 a5 13. Bd2 {leads to slightly more pleasant play for
White, for instance} Bd7 14. Qc2 c6 15. Qb3 Rb8 16. f4 {Reinderman,D (2601)
-Rublevsky,S (2678) Aix-les-Bains 2011 (1-0, 43)}) 9. e3 a6 ({Or if} 9... a5
10. b3 Ba7 {the a5-pawn slows down the attack based on b3-b4, but weakens the
b5-square, justifying} 11. Nc3 $5) 10. b3 Ba7 (10... Nxd5 11. cxd5 Ne7 12. d4
$14) 11. Nxf6+ $1 ({But now the threat of taking on d5 was real:} 11. Bb2 $6
Nxd5 12. cxd5 Ne7) 11... Qxf6 12. Bb2 Bg4 13. h3 Bh5 14. Bc3 {White's
queenside attack will develop naturally while for Black it is not easy to take
advantage of the pin, since the queen is blocking the f-pawn.} Qe7 {This
releases the pressure, simplifying White's play.} ({But even after something
like} 14... Rae8 15. b4 Nd8 16. Rc1 Ne6 17. c5 {White's position is more
pleasant.}) (14... a5 15. a3) 15. b4 f5 16. Qb3 {The start of a smart
regrouping aimed at taking the steam out of Black's attack.} Kh8 17. Qb2 Nd8
18. Rae1 Ne6 19. Nd2 c6 20. Kh2 Rad8 21. f4 Bb8 22. Nf3 $14 {Rogozenco,D (2576)
-Wells,P (2476) Germany 1999 (1-0, 32). There is no black attack left and
White's pieces are better placed while his structure is more flexible.}) 8...
a6 9. b3 {A rare move.} (9. d3 {is more popular. In principle it leads to the
same type of positions as after 8.d3, with the difference that Black has saved
on the tempo ...h7-h6. One recent high level example is} Ba7 10. Nxf6+ Qxf6 11.
Bd2 Qg6 12. Bc3 {Grischuk,A (2785)-Adams,M (2752) Warsaw 2013 CBM 158 [Adams,M]
(1/2-1/2, 48). From Adams' comments it can be inferred that the position is
roughly equal but just more pleasnt for White.}) 9... Ba7 10. Bb2 Nxd5 {
There were no reasons to refrain from this exchange, allthough it will appear
that White is well prepared against it.} (10... h6 11. d4 exd4 12. Nxd4 $14) (
10... Be6 11. Ng5 Bxd5 12. cxd5 Nb4 13. Qb1 h6 14. a3 hxg5 15. axb4 $14) 11.
cxd5 Ne7 12. Nh4 $5 {This is the move which gives meaning to the whole plan.
Since ...g7-g5 is risky in most of the cases, the knight clears the path for
the f-pawn in the most active way.} ({With the bishop on a7} 12. d4 {is
pointless due to} e4) 12... f5 $146 ({The game introducing the whole plan,
played just three days earlier (!) proves how dangerous White's attack could
be:} 12... c6 13. dxc6 Nxc6 (13... bxc6 14. Rc1 {[%cal Gd2d4,Gf2f4]}) 14. f4
exf4 (14... d5 15. fxe5 d4 16. Qe2 dxe3 17. dxe3 Qg5 18. Rae1 $36 {[%csl Ga8,
Gb7,Gc8]}) 15. Rxf4 d5 16. Qh5 Bb8 (16... Be6 17. Raf1 $40) 17. Rf2 d4 18. Be4
h6 19. Raf1 Be6 20. Nf5 $18 {Swiercz,D (2613)-Balogh,C (2648) Budapest 2014 
(1-0, 36)}) (12... g5 13. Nf3 f6 14. Ne1 $14 {[%cal Gd2d4,Gf2f4]}) 13. f4 $6 {
Too straightforward.} ({It would have made sense to develop before starting
concrete action.} 13. Rc1 {We will see that the rook can prove useful here.} g5
(13... Bb6 {[%csl Gc7]} 14. f4 e4 15. g4 Nxd5 16. Nxf5 Bxf5 17. gxf5 Qe7 18.
Rc4 $1 {This is the moment when the rook's previous development is essential!})
14. Nf3 h6 (14... Nxd5 15. Nxg5 Nf6 16. d4 $36) (14... Ng6 15. Qc2 Rf7 16. d4
e4 17. Nd2 {[%csl Ga7][%cal Gf2f3,Gg3g4]}) 15. Qc2 Bb6 (15... c6 16. dxc6 Nxc6
17. Nxe5 $3 Nxe5 (17... dxe5 18. Bxc6 bxc6 19. Qxc6) 18. f4 $36) 16. Qc4 {
This is the square for the knight, but White needs to defend d5 before playing
d3 and Nd2.} Kh7 17. d3 Bd7 18. Nd2 $14 {[%csl Gb6][%cal Gc4c2,Gd2c4,Gf2f4]})
13... e4 14. g4 Nxd5 15. Nxf5 Bxf5 16. gxf5 Qe7 17. Kh1 Nf6 {Black has no
special reasons to complain, but the position remains tense.} 18. d3 {I would
not create myself a weakness so easily.} ({The hypermodern approach, ignoring
the centre, would be} 18. Rg1 d5 19. Bf1 c6 20. Qe1 $13) 18... c6 (18... Bxe3
19. dxe4 $14) 19. dxe4 (19. Bxf6 Rxf6 20. dxe4 Bxe3 $15) 19... Nxe4 20. Qc2
Rae8 $15 {/=} 21. Rg1 Nf6 (21... Rxf5 22. Qxe4 Qxe4 23. Bxe4 Rxe4 24. Rxg7+ Kf8
25. Rxb7 Bxe3 26. Re1 $44) 22. Rae1 Qf7 (22... d5 23. Be5 $11) 23. e4 $2 (23.
Qd2 {looks OK for White.}) 23... d5 $1 (23... Bxg1 24. Rxg1 $44) 24. Bxf6 (24.
e5 Ng4 25. Rgf1 Qxf5 $17) 24... Bxg1 25. Be5 Ba7 26. exd5 cxd5 $17 {White does
not have enough compensation for the exchange.} 27. Qd3 Rd8 28. Rc1 Rd7 29. Bh3
Re7 30. Qg3 Kh8 31. Rc2 Bb8 32. Bg4 d4 33. Kg1 d3 34. Rd2 Qd5 35. Rxd3 Ba7+ 36.
Kf1 Qh1+ 37. Ke2 Qe4+ 38. Kd1 Bb8 39. Qf3 Qxf3+ 40. Bxf3 Bxe5 41. fxe5 Rxe5 42.
Bxb7 Rexf5 43. a4 a5 44. h3 Rf2 45. Ba6 g5 0-1

[Event "Tashkent FIDE GP 2nd"]
[Site "Tashkent"]
[Date "2012.11.28"]
[Round "6"]
[White "Svidler, Peter"]
[Black "Karjakin, Sergey"]
[Result "1/2-1/2"]
[WhiteElo "2747"]
[BlackElo "2775"]
[Annotator "Marin,M"]
[PlyCount "50"]
[EventDate "2012.11.22"]
[EventType "tourn"]
[EventRounds "11"]
[EventCountry "UZB"]
[EventCategory "20"]
[SourceTitle "CBM 152"]
[Source "ChessBase"]
[SourceDate "2013.01.15"]
[SourceVersion "1"]
[SourceVersionDate "2013.01.15"]
[SourceQuality "1"]

1. c4 Nf6 2. Nc3 e5 3. Nf3 Nc6 4. g3 d5 5. cxd5 Nxd5 6. Bg2 Nb6 7. O-O Be7 8.
a3 O-O 9. b4 Be6 10. Rb1 f6 11. d3 Nd4 12. Be3 ({The main move is} 12. Nd2 {
as, for instance, in Aronian,L (2739)-Topalov,V (2780)/Morelia/Linares 2008/
CBM 123/[Marin,M] (1-0, 65)}) 12... Nxf3+ 13. Bxf3 c6 14. Bc5 Rf7 $146 (14...
Nd5 {1/2 Timman,J (2630)-Bareev,E (2665)/Ubeda 1997/CBM 058 (30)}) 15. Qc2 Nd5
16. Ne4 Rc8 17. Rfd1 b6 18. Bxe7 Rxe7 19. Rbc1 Rd7 {Black's novelty has been
justified entirely. He has reached an optimal regrouping of his major pieces
and has little to fear.} 20. Qb2 Ne7 21. Nd2 Kh8 22. Rc3 Nd5 23. Rc2 Ne7 24.
Rc3 Nd5 25. Rc2 Ne7 1/2-1/2

[Event "Olympiad-36"]
[Site "Mallorca"]
[Date "2004.10.23"]
[Round "8"]
[White "Marin, Mihail"]
[Black "Lima, Darcy Gustavo Macha"]
[Result "1/2-1/2"]
[WhiteElo "2511"]
[BlackElo "2533"]
[Annotator "Marin,M/Stoica"]
[PlyCount "78"]
[EventDate "2004.10.15"]
[EventType "team-swiss"]
[EventRounds "14"]
[EventCountry "ESP"]
[SourceTitle "CBM 104"]
[Source "ChessBase"]
[SourceDate "2005.01.27"]
[SourceVersion "1"]
[SourceVersionDate "2005.01.27"]
[SourceQuality "1"]
[WhiteTeam "Romania"]
[BlackTeam "Brazil"]
[WhiteTeamCountry "ROU"]
[BlackTeamCountry "BRA"]

1. c4 e5 2. Nc3 Nf6 3. Nf3 Nc6 4. g3 d5 5. cxd5 Nxd5 6. Bg2 Nb6 7. O-O Be7 8.
a3 O-O 9. b4 Be6 10. Rb1 f6 11. d3 a5 12. b5 Nd4 13. Nd2 Bd5 14. Nxd5 Nxd5 15.
Bb2 a4 16. Bxd4 exd4 17. Qc2 Kh8 18. Nc4 Re8 19. Rfe1 Bc5 20. Na5 Rxa5 21. Qxc5
Nc3 22. Bxb7 Re5 23. Qc4 Nxb1 24. Rxb1 Rxe2 25. Be4 f5 26. Bxf5 Ra8 27. Be4 Qf6
28. f4 Qe7 29. Qb4 Rxe4 30. dxe4 Qxe4 31. Re1 Qd5 32. Re5 Qb3 33. Qxb3 axb3 {
In this curious position, Certain inventiveness is required from White in
order to save the game. His main trump is the weakness of the eighth rank,
offering him an important tempo in several moments.} {[%tqu "En","White seems
to be in some trouble. Can he save the game? How?","","","b5b6","Apparently,
the only good move, allowing White to stop the enemy pawns right in time.",5]}
34. b6 $1 {Apparently, the only good move, allowing White to stop the enemy
pawns right in time.} (34. a4 $2 d3 35. Re1 d2 36. Rd1 b2 $19) (34. Re1 $2 d3
35. Rd1 (35. Kf2 d2 36. Rd1 b2 37. Ke2 Re8+ $1 $18) 35... b2 36. Kf2 Rxa3 $19)
(34. Kf2 $6 Kg8 35. Re1 (35. b6 c6 $1 $17) 35... Rxa3 36. Rb1 Kf7 37. Kf3 (37.
Ke2 Ke6 $17) 37... b2+ 38. Ke4 Rb3 39. Kxd4 Rxb5 $17) 34... cxb6 {We were both
slightly pressed by time and didn't consider seriously any other answer.} (
34... c6 $5 {might have created White bigger practical problems, irrespective
of the mutual time trouble:} 35. Re1 d3 (35... c5 36. a4 {and White doesn't
risk to lose.}) 36. Kf2 d2 37. Rd1 $1 (37. Rb1 $6 Re8 $1 38. b7 $8 (38. a4 $2
c5 39. a5 c4 $19) 38... c5 (38... Rb8 $2 39. Ke2 $16) 39. Rxb3 d1=Q 40. b8=Q {
We are back in the middle game now.} Qe1+ 41. Kg2 Qe2+ 42. Kg1 (42. Kh3 $2 Qf1+
43. Kh4 g5+ $19) 42... c4 43. Rb1 Qe3+ 44. Kh1 (44. Kg2 c3 $17) 44... c3 45.
Qb3 Qe4+ 46. Kg1 Rd8 {and the vulnerability of the white king offers Black the
better chances in spite of being a pawn down.}) 37... b2 38. b7 Rb8 ({or} 38...
Re8 39. a4 Rb8 $8 40. Ke2 Rxb7 41. Rb1) 39. Ke2 Rxb7 40. Rb1 h5 41. Kxd2 Rb3
42. a4 $11) 35. Rb5 Rxa3 36. Rxb6 g6 {Apparentl, my opponent had accepted the
draw as an inevitable fact already.} ({During the game, I was more worried
about} 36... h5 {although White shouldn't have serious problems here either:}
37. Kf2 h4 38. gxh4 Ra2+ 39. Kf3 Rxh2 40. Ke4 $11) 37. Kf2 $11 Ra2+ 38. Kf3
Rxh2 39. Rxb3 Kg7 1/2-1/2

[Event "Geneva FIDE GP"]
[Site "Geneva"]
[Date "2017.07.10"]
[Round "5"]
[White "Eljanov, Pavel"]
[Black "Grischuk, Alexander"]
[Result "0-1"]
[WhiteElo "2739"]
[BlackElo "2761"]
[Annotator "Mekhitarian,K"]
[PlyCount "76"]
[EventDate "2017.07.06"]
[EventType "swiss"]
[EventRounds "9"]
[EventCountry "SUI"]
[SourceTitle "CBM 180"]
[Source "ChessBase"]
[SourceDate "2017.09.13"]
[SourceVersion "1"]
[SourceVersionDate "2017.09.13"]
[SourceQuality "1"]

1. c4 (1. e4 c5 2. Nf3 g6 3. d4 cxd4 4. Nxd4 {You will soon understand why I
am showing this variation...} Nc6 5. Nc3 Bg7 6. Be3 Nf6 7. Bc4 O-O 8. Bb3 d6 9.
h3 Na5 10. O-O b6 11. Re1 Bb7 12. Bg5) 1... Nf6 2. Nc3 e5 3. Nf3 Nc6 4. g3 d5
5. cxd5 Nxd5 6. Bg2 Bc5 $5 {It's amazing how Grischuk constantly comes up with
new ideas. This move has been played many times already, but the strongest
player who tried it was 2200, after which it mostly happened in beginners'
games. There were some recent correspondence games, which Grischuk probably
used to find it. He is trying to play the usual Bc4-line that White plays
against the Accelerated Dragon (with reversed colors).} 7. O-O (7. Nxe5 {
would be something to consider, but it turns out to be harmless} Nxc3 8. bxc3 (
8. Bxc6+ bxc6 {Black has decent compensation in both cases (dxc3 or bxc3)} 9.
dxc3 (9. bxc3 Qd5 10. Nf3 Bh3 $44) 9... Qe7 $5 $44) (8. Nxc6 $4 Qf6 $1 {
hitting the queen and mate in f2} 9. dxc3 Qxf2+ 10. Kd2 Qxg2 $19) 8... Nxe5 (
8... Bxf2+ $2 {this kind of move is known to be a mistake, because the king is
safely placed, while White in the meantime has a strong centre and the bishop
pair} 9. Kxf2 Nxe5 10. Rf1 $16 {followed by Kg1, and d4-e4}) 9. d4 Bd6 10. dxe5
Bxe5 $11 {and Black is very happy with the better structure. Soon c6 will be
played, and the g2 bishop will be neutralised.}) 7... O-O 8. d3 (8. Nxd5 {
was played in correspondence chess, a couple of years ago} Qxd5 9. Ng5 Qc4 $5 {
was the original move played} (9... Qd8 {is acceptable, but runs into} 10. Nxh7
$5 Re8 {threatening to move the c5-bishop} (10... Kxh7 $2 11. Qc2+ Kg8 12. Qxc5
$16) 11. Ng5 (11. h4 $5 f6 12. Qc2 $13 {followed by Qg6, the position remains
very unclear (and weird!)}) 11... Qxg5 12. d4 (12. Bxc6 $5 bxc6 13. d4 Qh5 14.
dxc5 Bg4 $44 {should offer good compensation to Black}) 12... Qh5 13. dxc5 Rd8
14. Bd2 Nd4 $36) 10. b3 Qg4 11. Qc2 {White has to do this, otherwise Black is
simply fine} Bxf2+ 12. Rxf2 Qxg5 13. Bxc6 bxc6 14. Qxc6 Bh3 15. d3 Qe7 16. Be3
Rfc8 17. Qe4 f6 $13 {1/2-1/2 (30) Golubenko,A (2198)-Zakharov,Y (2229) ICCF
2015, again with original play, that should be balanced.}) (8. Nxe5 {runs into
the same theme} Nxc3 9. bxc3 (9. Nxc6 $2 Nxd1 10. Nxd8 Bxf2+ 11. Kh1 Bg4 $1 $17
) 9... Nxe5 10. d4 Bd6 11. dxe5 Bxe5 $11 {and Black should be happy after ...
c6.}) 8... Bb6 9. Na4 {Similar to the Accelerated Dragon, White gets the
bishop pair (there are many lines where Black plays ...Na5). In the other hand,
Black obtains very good central control.} Re8 10. Bg5 (10. b3 {would be
similar to how Black plays the Accelerated Dragon (...Na5, followed by ...b6, .
..Bb7). Good news for Black is that there was no need to lose a tempo with ...
h6 (h3), since the bishop is still on c8 (please read the analysis before the
1st move!), and the bishop also went directly to g4, without 'stopping' at e6,
as happens in the Dragon.} Bg4 11. Bb2 Qd7 {followed by ...Rad8, and Black is
totally fine} (11... Nd4 $5 12. Nxb6 axb6 13. Nxd4 exd4 14. Re1 c5 15. Qd2 Qd7
$11 {and there is nothing to complain about in Black's position.})) 10... Qd6
11. Nd2 Qg6 $1 {The queen finds an excellent square here.} 12. Ne4 (12. Bxd5 $5
{was possibly better than the game} Qxg5 13. Rc1 Bh3 (13... Ne7 {more solid}
14. Bg2 c6 {threatening ...Bc7 at some point} 15. Nxb6 axb6 16. a4 {to stop b5}
Nd5 17. Nc4 Qd8 $11 {with balanced play}) 14. Re1 Rad8 (14... Ba5 $5) 15. Bxc6
bxc6 {with interesting play.}) 12... Bg4 $1 (12... f5 {there is no need to
play this} 13. Nec5 Qxg5 14. Bxd5+ Kh8 15. Rc1 $13 {I like Grischuk's decision
better, to bring about ...Be6 and ...Rad8 quickly (he played ...Bg4 first to
provoke h3).}) (12... Be6 $5 {also perfectly fine, but ...Bg4 should be an
improved version, h3 may be a weakness in some variations.}) 13. h3 Be6 14. Bd2
Rad8 $15 {Now Black is already to be preferred - everything is harmonious, ...
f5 is coming and he has ...Bc8 whenever a knight arrives on c5.} 15. Kh2 Kh8
16. a3 f5 $1 17. Nec5 Bc8 {All of Grischuk's forces are heading towards the
centre - e4 is unstoppable, unless White himself plays it, which was a way
that Eljanov could try and complicate matters.} 18. b4 (18. e4 Nf6 $1 (18...
fxe4 {is the solid way to deal with this} 19. Bxe4 Qf7 $15 {and moves like ...
Nd4 are coming, Black is doing fine}) 19. exf5 Bxf5 $1 (19... Qxf5 $5 $15) 20.
Nxb7 (20. Nxb6 axb6 21. Nxb7 Rd5 $3 {defending the c6-knight very creatively}
22. Bxd5 Nxd5 {Black wants to pick up the knight with ...Bc8} 23. Qf3 {forced}
Nd4 $3 24. Qxd5 Qh5 25. h4 Be6 $1 26. Qg2 Nf3+ 27. Kh1 Nxd2 28. Rfe1 Nf3 29.
Re3 Bd5 $19) 20... Rxd3 21. Nxb6 Bxh3 $3 {an amazing move, instantly spotted
by the computer. The idea is to distract the bishop and maintain a strong
initiative, with two pawns for the piece. I think it is almost impossible for
a human to find all these moves, specially considering White remains with the
pure bishop pair} 22. Bxh3 axb6 $17 {threatening Nd4} 23. Rc1 Nd4 24. Rc3 Nf3+
25. Qxf3 Rxf3 26. Rxf3 Qh5 27. Kg2 Qf7 $1 $19 {followed by ...Qd5.}) 18... e4
$1 19. e3 $2 (19. dxe4 $1 fxe4 20. Qb1 (20. Qc2 {a very ugly move to make 
(allowing ...Nd4), but that is the computer's suggestion} Nd4 (20... Qh5 $5 21.
Nxb6 Nd4 $36 {looks ugly for White}) 21. Qc4 e3 22. Bc1 $13 {and miraculously
White is ok, according to the computer}) 20... Nd4 21. Bxe4 $2 (21. Nxe4 Bf5
$17) 21... Qh5 $19) 19... Bxc5 $1 {Eljanov's position simply collapses now, ...
b6 and ...Ba6 are coming.} (19... exd3 $2 20. Nxb6 axb6 21. Nxd3 $14 {and
White is even slightly better.}) 20. Nxc5 b6 21. Nb3 Ba6 $19 22. Nc1 Ne5 {
Now it's all over, Black starts picking up material and has a dominant
position.} 23. Qa4 Bxd3 24. Nxd3 Nxd3 25. b5 (25. Qxa7 $2 Ra8 26. Qb7 Qe6 27.
b5 Ne5 $1 $19 {and White should resign.}) 25... h5 26. Qc2 Qd6 (26... h4 $1 27.
gxh4 Qf6 {with a devastating attack, but Grischuk wanted to keep it simple.})
27. h4 Qe5 28. Kg1 Re6 29. a4 Kh7 30. Ra3 Rdd6 31. a5 c5 {Starting serious
action on the queenside, where Black holds all the advantages as well.} 32.
bxc6 Rxc6 33. Qd1 Nf6 $1 {A good moment to remove the knight, not only to
defend h5, but also because Bc3 is not possible anymore.} 34. axb6 axb6 35. Qb1
Red6 {The problem is that White can never activate his bishops, not to mention
the material disadvantage.} 36. Rb3 Ng4 37. Bb4 Rd5 38. Be1 Rc1 {And White
resigned. A very convincing game from Alexander Grischuk, who joins Radjabov
in the lead! On the 12th of July, they both have White - against Aronian and
Harikrishna, respectively. A lot of action yet to come in the final four
rounds, stay tuned!} 0-1